| 000 | 00947nam a2200265 i 4500 | ||
|---|---|---|---|
| 001 | 13134 | ||
| 003 | ES-MaACL | ||
| 005 | 20230906150514.0 | ||
| 007 | t| | ||
| 008 | 930125s1990 sp ||||0| spa d | ||
| 016 | 7 | _zSIC92023443 | |
| 020 | _a84-7483-652-2 | ||
| 024 | 8 | _aNIPO 301-90-078-2 | |
| 040 |
_aSIC _bspa _cSIC |
||
| 080 | _a75 Bores, Francisco (064.3) | ||
| 245 | 0 | 0 |
_aBores en las colecciones del Estado _b: [exposición itinerante] / _c[organizada por el] Centro Nacional de Exposiciones. |
| 260 |
_aMadrid : _bMinisterio de Cultura, Dirección General de Bellas Artes y Archivos, _cD.L. 1990. |
||
| 300 |
_a103 p. : _bprincipalmente il. ; _c24 cm. |
||
| 600 | 1 | 4 |
_aBores, Francisco ( _d1898-1972) _930440 |
| 655 | 7 |
_2tgfbne _9193628 _aCatálogos de exposiciones |
|
| 710 | 2 |
_aCentro Nacional de Exposiciones (España) _93709 |
|
| 852 |
_aES-MaACL _jL-20480 _bR.123349 |
||
| 942 | _2udc | ||
| 999 |
_c13134 _d13134 |
||